000 00842nam a2200253Ia 4500
003 OSt
005 20220923223122.0
006 a|||||r|||| 00| 0
007 ta
008 220922b |||||||| |||| 00| 0 hin d
024 _a211,173
037 _cTextual
040 _aARTS
_cARTS
_bhin
041 _2hin
_ahin
082 _aO152,3N356,MG, M1
100 _aदीक्षित, जगदम्बा प्रसाद
245 0 _aमुरदा-घर
246 _aMuradā-ghara
260 _aनई दिल्ली
_b राधाकृष्ण प्रका0
_c1981
300 _a204पृ.
_ccm.
650 _aहिन्दी साहित्य
_9156264
942 _hO152,3N356,MG, M1
_cTEXL
_2CC
999 _c361452
_d361452